000 00715cam a2200217 a 4500
001 000010247
005 20200929162217.0
008 920825s1981 ve b 000 0 spa d
040 _aDO-SdBNP
_bspa
_cLC
_dBNPHU
082 _aV862.44
_bN964c
245 0 0 _aNueva crítica de teatro venezolano /
_cselección Isaac Chocron.
260 _aCaracas :
_bFundarte,
_c1981.
300 _a140 p. ;
_c21 cm.
490 1 _aCuadernos de Difusión,
_v67
650 4 _aTeatro venezolano
_ySIGLO XX
_xHistoria y crítica.
_925258
650 4 _aLiteratura venezolana
_93816
700 1 _aChocron, Isaac E.,
_d1932-
_922454
830 0 _aCuadernos de Difusión,
_v67
_96694
910 _aCatalogación por copia / LC
049 _aBNGR
999 _c10006
_d10006